[Event "Qatar Masters Open 2023"]
[Site "Doha QAT"]
[Date "2023.10.13"]
[Round "3.52"]
[White "Vantika, Agrawal"]
[Black "Enkhtuul, Altan-Ulzii"]
[Result "1-0"]
[WhiteTitle "IM"]
[BlackTitle "WGM"]
[WhiteElo "2435"]
[BlackElo "2231"]
[WhiteFideId "25050389"]
[BlackFideId "4901444"]
[EventDate "2023.10.11"]

1. d4 Nf6 2. c4 c5 3. d5 e6 4. Nc3 exd5 5. cxd5 d6 6. Nf3 g6 7. Nd2 Bg7 8. e4
O-O 9. Be2 Na6 10. O-O Nc7 11. a4 Re8 12. f3 Nh5 13. Nc4 Bd4+ 14. Kh1 Qf6 15.
Qd2 b6 16. g4 Ng7 17. Qh6 Qd8 18. Bf4 Bxc3 19. bxc3 Nxd5 20. Nxd6 Nxf4 21. Nxe8
Qxe8 22. Qxf4 Bd7 23. Bc4 Ne6 24. Qf6 a6 25. Rfd1 b5 26. axb5 Bxb5 27. Bxe6 Qxe6
28. Qxe6 fxe6 29. Kg2 Rf8 30. Kf2 c4 31. Rd6 Kf7 32. Ke3 Ke7 33. e5 Rb8 34. f4
Rh8 35. Rad1 Rb8 36. R1d2 a5 37. f5 gxf5 38. gxf5 exf5 39. Rg2 Be8 40. Rg7+ Kf8
41. Rxh7 Ra8 42. Kf4 Kg8 43. Rdh6 Rd8 44. Kxf5 Bd7+ 45. Kg6 Kf8 46. Kf6 1-0

[Event "Qatar Masters Open 2023"]
[Site "Doha QAT"]
[Date "2023.10.13"]
[Round "3.53"]
[White "Liu, Yi"]
[Black "Rohith, Krishna S"]
[Result "1-0"]
[WhiteTitle "FM"]
[BlackTitle "IM"]
[WhiteElo "2301"]
[BlackElo "2434"]
[WhiteFideId "3210588"]
[BlackFideId "46617051"]
[EventDate "2023.10.11"]

1. d4 d5 2. Nf3 Nf6 3. c4 e6 4. Nc3 Be7 5. Bf4 O-O 6. e3 b6 7. Bd3 dxc4 8. Bxc4
Ba6 9. Bxa6 Nxa6 10. Qa4 Nb4 11. O-O c5 12. dxc5 bxc5 13. Ne5 Nfd5 14. Nxd5 Nxd5
15. Nc6 Qd7 16. Nxe7+ Qxe7 17. Rac1 Rac8 18. b3 Rfd8 19. Rfd1 f6 20. h4 Kf7 21.
Qc4 Qb7 22. h5 g6 23. Bg3 Nb6 24. Qf4 g5 25. Qg4 Rxd1+ 26. Qxd1 Qe4 27. Qd6 Qd5
28. e4 Qd4 29. Rd1 Qxd6 30. Rxd6 c4 31. bxc4 Rxc4 32. f3 Rc1+ 33. Kh2 Rc2 34. a4
f5 35. a5 Nc4 36. Rd7+ Ke8 37. Rxa7 f4 38. a6 Ne3 39. Be1 Rxg2+ 40. Kh1 Re2 41.
Bh4 h6 42. Rb7 Ra2 43. a7 gxh4 44. Rb8+ Kf7 45. a8=Q Rxa8 46. Rxa8 Nc4 47. Kg2
Ne5 48. Ra3 Kf6 49. Kh3 Kg5 50. Ra5 Kf6 51. Ra3 Kg5 52. Rb3 Nc6 53. Rb5+ Kf6 54.
Kg4 Nd4 55. e5+ Kf7 56. Rb7+ Kg8 57. Kxf4 h3 58. Rb2 Kf7 59. Rh2 Nf5 60. Rxh3
Ng7 61. Kg4 Nf5 62. f4 Ng7 63. Ra3 Nf5 64. Ra7+ Kf8 65. Kf3 Kg8 66. Ra1 Kf7 67.
Rg1 Ne7 68. Ke4 Kf8 69. Kd4 Kf7 70. Kc5 Nf5 71. Rg6 Ke7 72. Rf6 Kd7 73. Rxf5
exf5 74. Kd5 1-0

[Event "Qatar Masters Open 2023"]
[Site "Doha QAT"]
[Date "2023.10.13"]
[Round "3.54"]
[White "Avinash, Ramesh"]
[Black "Saydaliev, Saidakbar"]
[Result "1/2-1/2"]
[WhiteTitle "IM"]
[BlackTitle "IM"]
[WhiteElo "2286"]
[BlackElo "2426"]
[WhiteFideId "45018340"]
[BlackFideId "14203693"]
[EventDate "2023.10.11"]

1. d4 Nf6 2. c4 e6 3. Nc3 Bb4 4. e3 O-O 5. Bd3 Re8 6. Nf3 Bxc3+ 7. bxc3 d6 8.
O-O e5 9. Nd2 e4 10. Bc2 Bg4 11. f3 exf3 12. gxf3 Bh3 13. Rf2 c5 14. Nf1 Nc6 15.
Ng3 Rc8 16. Bd3 d5 17. Ne2 dxc4 18. Bxc4 cxd4 19. cxd4 Nxd4 20. Qxd4 Qxd4 21.
Bxf7+ Kxf7 22. Nxd4 Red8 23. Rb2 Rd7 24. Bd2 Rc5 25. Kf2 Rh5 26. Rab1 b6 27. Rb5
Rxb5 28. Rxb5 Be6 29. a4 Bc4 30. Rb2 Bd3 1/2-1/2

[Event "Qatar Masters Open 2023"]
[Site "Doha QAT"]
[Date "2023.10.13"]
[Round "3.55"]
[White "Parligras, Mircea-Emilian"]
[Black "Rakhmatullaev, Almas"]
[Result "1-0"]
[WhiteTitle "GM"]
[BlackTitle "IM"]
[WhiteElo "2561"]
[BlackElo "2389"]
[WhiteFideId "1204297"]
[BlackFideId "14205793"]
[EventDate "2023.10.11"]

1. d4 d5 2. c4 e6 3. Nf3 a6 4. Bg5 Nf6 5. e3 h6 6. Bh4 Be7 7. Nbd2 Nbd7 8. Bd3
O-O 9. O-O c5 10. cxd5 Nxd5 11. Bxe7 Qxe7 12. Rc1 cxd4 13. Nxd4 Rd8 14. Nc4 N7f6
15. Qb3 Bd7 16. Rfd1 b5 17. Ne5 Rdc8 18. Nxd7 Nxd7 19. Be2 N7b6 20. Bf3 Rxc1 21.
Rxc1 Qd7 22. g3 Rc8 23. Rd1 Qe7 24. Ne2 Rd8 25. Rd4 Nf6 26. Qc3 Rc8 27. Qa5 Qa7
28. Rd6 Nfd7 29. b3 Rc5 30. Nd4 Rc1+ 31. Kg2 Qc7 32. Rc6 Rxc6 33. Nxc6 Nc5 34.
Kf1 f5 35. Qc3 Ne4 36. Bxe4 fxe4 37. Qc5 Nd5 38. b4 Qf7 39. Kg1 Qh5 40. Nd4 Qd1+
41. Kg2 Kh7 42. h4 Qd2 43. Nxe6 Qxa2 44. Nf8+ Kg8 45. Ng6 Kh7 46. h5 Nf6 47. Nf4
Qa1 48. Qf5+ Kg8 49. Nd5 Qb2 50. Qe6+ Kh8 51. Nxf6 Qxf6 52. Qe8+ Kh7 53. Qxe4+
Kg8 54. Qd5+ Kh7 55. e4 Qe7 56. e5 Qxb4 57. e6 Qf8 58. Qd7 Qa8+ 59. f3 Qg8 60.
e7 1-0

[Event "Qatar Masters Open 2023"]
[Site "Doha QAT"]
[Date "2023.10.13"]
[Round "3.56"]
[White "Ilamparthi, A R"]
[Black "Lalit Babu M R"]
[Result "0-1"]
[WhiteTitle "IM"]
[BlackTitle "GM"]
[WhiteElo "2387"]
[BlackElo "2547"]
[WhiteFideId "45015775"]
[BlackFideId "5024595"]
[EventDate "2023.10.11"]

1. e4 e5 2. Nf3 Nc6 3. Bb5 a6 4. Ba4 Nf6 5. O-O Be7 6. d3 b5 7. Bb3 d6 8. a4 Bd7
9. c3 O-O 10. Bc2 Re8 11. Re1 b4 12. d4 bxc3 13. bxc3 exd4 14. cxd4 Bg4 15. Nc3
Nb4 16. Bb1 c5 17. dxc5 dxc5 18. e5 Qxd1 19. Rxd1 Nd7 20. Be4 Rac8 21. Bf4 c4
22. Nd5 Nc5 23. Nxe7+ Rxe7 24. h3 Bd7 25. Bg5 f6 26. Bxh7+ Kxh7 27. exf6 gxf6
28. Bxf6 Re2 29. Kf1 Ree8 30. Rd4 Nc2 31. Rh4+ Kg6 32. Rc1 Kxf6 33. Rxc2 Bf5 34.
Rc1 Ne6 35. Rc3 Rh8 36. Rxh8 Rxh8 37. Ne1 Rc8 38. g4 Bh7 39. Ke2 Nf4+ 40. Kf3
Nxh3 41. Ke3 Ng5 42. Nc2 Ne4 43. Ra3 a5 44. Nd4 Ke5 45. Ra1 Nf6 46. Nf3+ Kd5 47.
Rd1+ Kc5 48. Ne5 Re8 0-1

[Event "Qatar Masters Open 2023"]
[Site "Doha QAT"]
[Date "2023.10.13"]
[Round "3.57"]
[White "Pham Tran Gia Phuc"]
[Black "Chandra, Akshat"]
[Result "1/2-1/2"]
[WhiteTitle "FM"]
[BlackTitle "GM"]
[WhiteElo "2384"]
[BlackElo "2486"]
[WhiteFideId "12415669"]
[BlackFideId "25006711"]
[EventDate "2023.10.11"]

1. Nf3 Nf6 2. c4 g6 3. Nc3 Bg7 4. d4 d6 5. e4 O-O 6. Bd3 Bg4 7. Be2 Nfd7 8. Be3
Bxf3 9. Bxf3 Nc6 10. d5 Na5 11. Be2 Nb6 12. Bd4 Bxd4 13. Qxd4 c5 14. dxc6 e5 15.
Qd2 bxc6 16. b3 Nb7 17. h4 Qe7 18. h5 Nc5 19. Rd1 Rad8 20. b4 Ne6 21. b5 cxb5
22. cxb5 Nd4 23. a4 d5 24. hxg6 fxg6 25. a5 Qf7 26. O-O dxe4 27. Qe3 Nc4 28.
Qxe4 Nxa5 29. Qxe5 Rfe8 30. Qg3 Nxe2+ 31. Nxe2 Rxd1 32. Rxd1 Rxe2 33. Rd8+ Re8
34. Qb8 Rxd8 35. Qxd8+ Kg7 36. Qxa5 Qd7 37. Kh2 Qd6+ 38. g3 Qc5 39. Kg2 Qd5+ 40.
Kg1 Qd1+ 41. Kg2 Qd5+ 42. Kg1 1/2-1/2

[Event "Qatar Masters Open 2023"]
[Site "Doha QAT"]
[Date "2023.10.13"]
[Round "3.58"]
[White "Haldorsen, Benjamin"]
[Black "Akshat, Khamparia"]
[Result "1-0"]
[WhiteTitle "IM"]
[BlackTitle "IM"]
[WhiteElo "2454"]
[BlackElo "2393"]
[WhiteFideId "1512633"]
[BlackFideId "5016541"]
[EventDate "2023.10.11"]

1. e4 e6 2. d4 d5 3. Nc3 Bb4 4. e5 c5 5. Bd2 Ne7 6. a3 Bxc3 7. Bxc3 cxd4 8. Bxd4
Nbc6 9. f4 g5 10. fxg5 Nf5 11. Bf2 Qxg5 12. Nf3 Qg7 13. Qe2 Bd7 14. O-O-O O-O-O
15. g3 h5 16. Bh3 Nh6 17. Rhe1 Ng4 18. Bc5 f6 19. exf6 Qxf6 20. Nd4 e5 21. Nxc6
Qxc6 22. Bxa7 b6 23. Qa6+ Kc7 24. Rxd5 Qb7 25. Qc4+ Bc6 26. Rxd8 Rxd8 27. Bxg4
hxg4 28. Rxe5 Qxa7 29. Re7+ 1-0

[Event "Qatar Masters Open 2023"]
[Site "Doha QAT"]
[Date "2023.10.13"]
[Round "3.59"]
[White "Mohammad, Nubairshah Shaikh"]
[Black "Lee, Jun Hyeok"]
[Result "1/2-1/2"]
[WhiteTitle "IM"]
[BlackTitle "IM"]
[WhiteElo "2432"]
[BlackElo "2362"]
[WhiteFideId "5053196"]
[BlackFideId "13202340"]
[EventDate "2023.10.11"]

1. c4 e6 2. Nc3 d5 3. d4 Nf6 4. cxd5 exd5 5. Bg5 c6 6. e3 h6 7. Bh4 Be7 8. Bd3
O-O 9. Nf3 Nbd7 10. Qc2 Re8 11. O-O Ne4 12. Bxe7 Qxe7 13. b4 Ndf6 14. Rab1 Bf5
15. Rfc1 Nxc3 16. Qxc3 Bxd3 17. Qxd3 a6 18. a4 Ne4 19. Qc2 Nd6 20. Ne5 f6 21.
Ng6 Qf7 22. Nf4 g5 23. Nd3 Rad8 24. Rb3 Kg7 25. Nc5 Re7 26. Qd1 Rde8 27. h3 Qg6
28. Qc2 Qf7 29. Qd1 Qg6 30. Qc2 Qf7 31. Qd1 1/2-1/2

[Event "Qatar Masters Open 2023"]
[Site "Doha QAT"]
[Date "2023.10.13"]
[Round "3.61"]
[White "Manish Anto, Cristiano F"]
[Black "Msellek, Ilyass"]
[Result "1/2-1/2"]
[WhiteTitle "IM"]
[BlackTitle "IM"]
[WhiteElo "2368"]
[BlackElo "2411"]
[WhiteFideId "25095927"]
[BlackFideId "675938"]
[EventDate "2023.10.11"]

1. e4 c6 2. d4 d5 3. Nc3 dxe4 4. Nxe4 Nf6 5. Nxf6+ exf6 6. Nf3 Bd6 7. Bd3 O-O 8.
O-O Bg4 9. h3 Bh5 10. Bf5 Re8 11. Qd3 Bg6 12. Nh4 Qc7 13. Bd2 Nd7 14. Rfe1 Nf8
15. Rxe8 Rxe8 16. Re1 Rxe1+ 17. Bxe1 Bxf5 18. Nxf5 g6 19. Ne3 Bh2+ 20. Kf1 Bf4
21. Ng4 Qd6 22. Bd2 Bxd2 23. Qxd2 h5 24. Ne3 Qh2 25. d5 cxd5 26. Qxd5 b6 27. Qb7
f5 28. Qxa7 f4 29. Nd5 Qh1+ 30. Ke2 Qxg2 31. Nf6+ Kg7 32. Ne8+ Kg8 33. Nf6+ Kg7
34. Ne8+ 1/2-1/2

[Event "Qatar Masters Open 2023"]
[Site "Doha QAT"]
[Date "2023.10.13"]
[Round "3.62"]
[White "Hari, Madhavan N B"]
[Black "Suyarov, Mukhammadzokhid"]
[Result "0-1"]
[WhiteTitle "IM"]
[BlackTitle "FM"]
[WhiteElo "2408"]
[BlackElo "2340"]
[WhiteFideId "25054309"]
[BlackFideId "14210495"]
[EventDate "2023.10.11"]

1. d4 Nf6 2. c4 e6 3. Nc3 Bb4 4. e3 O-O 5. Ne2 d5 6. a3 Be7 7. cxd5 exd5 8. Nf4
c6 9. Bd3 Bd6 10. O-O Na6 11. Bxa6 bxa6 12. h3 a5 13. Bd2 Rb8 14. Na4 Ne4 15. f3
Ng3 16. Rf2 Ba6 17. Bc3 Re8 18. Qd2 Qh4 19. Re1 Nf5 20. g4 Rxe3 21. Rxe3 Bxf4
22. Re8+ Rxe8 23. Qxf4 Ng3 24. Kg2 Nh1 25. Rc2 Bd3 26. Rd2 g5 27. Qd6 Re1 28.
Kh2 Nf2 29. Rxf2 Qxf2# 0-1

[Event "Qatar Masters Open 2023"]
[Site "Doha QAT"]
[Date "2023.10.13"]
[Round "3.63"]
[White "Shahil, Dey"]
[Black "Divya, Deshmukh"]
[Result "0-1"]
[WhiteTitle "IM"]
[BlackTitle "WGM"]
[WhiteElo "2357"]
[BlackElo "2408"]
[WhiteFideId "35062352"]
[BlackFideId "35006916"]
[EventDate "2023.10.11"]

1. c4 e6 2. g3 d5 3. Bg2 Nf6 4. Nf3 Be7 5. O-O O-O 6. b3 b6 7. Bb2 Bb7 8. d4
dxc4 9. bxc4 c5 10. e3 cxd4 11. exd4 Qc7 12. Nbd2 Nbd7 13. Rc1 Rac8 14. Qe2 Rfe8
15. Rfd1 Qb8 16. Nf1 Rc7 17. Ne3 Qa8 18. a3 h6 19. h3 Bf8 20. Kh2 Ne4 21. Re1
Nd6 22. Rcd1 Qc8 23. Nd2 Ba6 24. Rc1 Nf6 25. Qd3 Qd7 26. Qb3 Nb7 27. Nf3 Na5 28.
Qa2 Qa4 29. Ne5 Bd6 30. f4 Bxe5 31. fxe5 Nd7 32. d5 Nxc4 33. dxe6 fxe6 34. Ng4
h5 35. Nf2 Nc5 36. Bc3 Rf7 37. Bb4 Qb3 38. Qxb3 Nxb3 39. Rc2 Nd4 40. Ra2 Nf3+
41. Bxf3 Rxf3 42. Ne4 Ne3 43. Rc1 Bc4 44. Rf2 Rxf2+ 45. Nxf2 a5 46. Bd6 b5 47.
a4 b4 48. Ne4 Bd5 49. Nd2 Nf5 50. Bc7 Rc8 51. Rc5 Nd4 52. Bd6 Rxc5 53. Bxc5 Nc6
54. Bb6 b3 55. Bc5 Nxe5 56. Bd4 Nd3 57. Kg1 b2 58. Kf1 Ba2 0-1

[Event "Qatar Masters Open 2023"]
[Site "Doha QAT"]
[Date "2023.10.13"]
[Round "3.64"]
[White "Song, Yuxin"]
[Black "Aaryan, Varshney"]
[Result "1/2-1/2"]
[WhiteTitle "WIM"]
[BlackTitle "FM"]
[WhiteElo "2404"]
[BlackElo "2339"]
[WhiteFideId "8614300"]
[BlackFideId "45048975"]
[EventDate "2023.10.11"]

1. e4 e5 2. Nf3 Nc6 3. Bb5 Nf6 4. d3 Bc5 5. c3 d6 6. O-O O-O 7. h3 h6 8. a4 a6
9. Bc4 Ba7 10. Nbd2 Be6 11. a5 Re8 12. Re1 d5 13. exd5 Bxd5 14. Qb3 Rb8 15. Ne4
Bxc4 16. Qxc4 Nxe4 17. dxe4 Qd7 18. Be3 Bxe3 19. Rxe3 Qe6 20. Qxe6 Rxe6 21. Rd3
Kf8 22. Nd2 Rd6 23. Rxd6 cxd6 24. Nc4 Ke7 25. Ne3 g6 26. Ra4 Ke6 27. g4 Ne7 28.
Rb4 Nc6 29. Ra4 Ne7 30. Rb4 Nc6 1/2-1/2

[Event "Qatar Masters Open 2023"]
[Site "Doha QAT"]
[Date "2023.10.13"]
[Round "3.65"]
[White "Tissir, Mohamed"]
[Black "Garv, Gaur"]
[Result "1/2-1/2"]
[WhiteTitle "IM"]
[BlackTitle "FM"]
[WhiteElo "2344"]
[BlackElo "2401"]
[WhiteFideId "9000240"]
[BlackFideId "45030839"]
[EventDate "2023.10.11"]

1. e4 c6 2. d4 d5 3. Nc3 dxe4 4. Nxe4 Bf5 5. Ng3 Bg6 6. Nf3 Nd7 7. Bd3 e6 8. O-O
Ngf6 9. Re1 Qc7 10. c4 Be7 11. b3 O-O 12. Bb2 Rad8 13. Bxg6 hxg6 14. Qe2 Rfe8
15. Bc3 b5 16. Rac1 b4 17. Bb2 c5 18. Rcd1 a5 19. Ne5 Nb6 20. Qf3 Bf8 21. h4
Nbd7 22. Nc6 Rc8 23. Ne5 Rcd8 24. Nc6 Rc8 25. Ne5 Rcd8 1/2-1/2

[Event "Qatar Masters Open 2023"]
[Site "Doha QAT"]
[Date "2023.10.13"]
[Round "3.66"]
[White "Mohammad Fahad, Rahman"]
[Black "Karthik, Rajaa"]
[Result "1-0"]
[WhiteTitle "IM"]
[BlackTitle "FM"]
[WhiteElo "2396"]
[BlackElo "2309"]
[WhiteFideId "10207791"]
[BlackFideId "25035215"]
[EventDate "2023.10.11"]

1. e4 e6 2. d4 d5 3. Nd2 c5 4. Ngf3 cxd4 5. exd5 Qxd5 6. Bc4 Qd6 7. O-O Nc6 8.
Ne4 Qd8 9. Qe2 Nf6 10. Rd1 Be7 11. c3 Qc7 12. Nxd4 a6 13. Nxc6 Qxc6 14. Nxf6+
gxf6 15. Qg4 Bd7 16. Be2 O-O-O 17. Bf3 Qc7 18. Qh5 Qe5 19. Be3 Bc6 20. Qxe5 fxe5
21. Bxc6 bxc6 22. Bb6 Rd5 23. c4 Rxd1+ 24. Rxd1 e4 25. Re1 f5 26. g3 Kd7 27.
Rd1+ Kc8 28. Kf1 h5 29. h4 Rg8 30. Ke2 Rg4 31. Bd4 Bd8 32. Be5 Bc7 33. Bxc7 Kxc7
34. Ke3 e5 35. c5 f4+ 36. gxf4 Rxf4 37. Rd6 Rxh4 38. Re6 Kd7 39. Rxe5 Rh1 40.
Kxe4 Rh2 41. Kf3 h4 42. b4 Rh1 43. Re4 h3 44. Kg3 h2 45. f4 a5 46. bxa5 Rc1 47.
Kxh2 Rxc5 48. Ra4 Kc7 49. Kg3 Kb7 50. Kg4 Rc1 51. f5 c5 52. Rf4 c4 53. f6 c3 54.
f7 Rg1+ 55. Kf5 c2 56. f8=Q c1=Q 57. Rb4+ Kc6 58. Qc8+ Kd5 59. Qe6+ 1-0

[Event "Qatar Masters Open 2023"]
[Site "Doha QAT"]
[Date "2023.10.13"]
[Round "3.67"]
[White "Nandhidhaa, P V"]
[Black "Panda, Sambit"]
[Result "0-1"]
[WhiteTitle "WGM"]
[BlackTitle "IM"]
[WhiteElo "2260"]
[BlackElo "2395"]
[WhiteFideId "5050847"]
[BlackFideId "25091794"]
[EventDate "2023.10.11"]

1. e4 c6 2. d4 d5 3. e5 Bf5 4. Nc3 e6 5. g4 Bg6 6. Nge2 c5 7. h4 h5 8. Nf4 Bh7
9. Nxh5 Nc6 10. dxc5 Bxc5 11. Bg5 Qb6 12. Qd2 Nxe5 13. O-O-O f6 14. Nxg7+ Kf7
15. Nxe6 Qxe6 16. Bg2 Ne7 17. Rhe1 d4 18. Bxf6 Qxf6 19. Nd5 Nxd5 20. Bxd5+ Kg7
21. f4 Nxg4 22. Qg2 Bf5 23. Bf3 Kh6 24. Bxg4 Rag8 25. Qd5 Rxg4 26. Re5 Rxf4 27.
Rde1 Rd8 28. Qxc5 d3 29. Rd1 dxc2 30. Rde1 Qd6 31. Re6+ Bxe6 32. Qg5+ Kh7 33.
Qh5+ Kg7 34. Qg5+ Kf7 35. Qh5+ Ke7 36. Qg5+ Rf6 37. Qg7+ Rf7 38. Qg5+ Kd7 0-1

[Event "Qatar Masters Open 2023"]
[Site "Doha QAT"]
[Date "2023.10.13"]
[Round "3.68"]
[White "Arhan, Chethan Anand"]
[Black "Karamsetty, Jeevan"]
[Result "1-0"]
[WhiteTitle "FM"]
[WhiteElo "2395"]
[BlackElo "2300"]
[WhiteFideId "45062510"]
[BlackFideId "2025337"]
[EventDate "2023.10.11"]

1. e4 e5 2. Nf3 d6 3. d4 exd4 4. Nxd4 Nf6 5. Nc3 Be7 6. Bf4 O-O 7. Qd2 a6 8.
O-O-O b5 9. f3 b4 10. Nd5 Nxd5 11. exd5 a5 12. g4 a4 13. Qxb4 a3 14. b3 Bd7 15.
Qb7 Bg5 16. Qxa8 Bxf4+ 17. Kb1 Qf6 18. Qxa3 Be5 19. Qb2 c5 20. dxc6 Nxc6 21. c3
Bxd4 22. cxd4 Nb4 23. Qd2 Qxf3 24. Bc4 Qb7 25. a3 Na6 26. Qd3 Nc7 27. d5 Ra8 28.
Kb2 Qa7 29. a4 Rb8 30. Kc2 Bxg4 31. Rd2 Bh5 32. Qd4 Qa5 33. Qc3 Qa7 34. Re1 Bg6+
35. Kd1 Qc5 36. Re3 h6 37. h4 Qa3 38. Ke1 Ne8 39. Bb5 Nf6 40. b4 Qxc3 41. Rxc3
Ne4 42. Rb3 Nxd2 43. Kxd2 Bf5 44. Bc6 Bc8 45. b5 Kf8 46. a5 Ke7 47. Re3+ Kf6 48.
Re8 g5 49. hxg5+ hxg5 50. a6 1-0

[Event "Qatar Masters Open 2023"]
[Site "Doha QAT"]
[Date "2023.10.13"]
[Round "3.69"]
[White "Tomaszewski, Kacper"]
[Black "Bai, Adelard"]
[Result "1/2-1/2"]
[WhiteTitle "FM"]
[BlackTitle "FM"]
[WhiteElo "2307"]
[BlackElo "2395"]
[WhiteFideId "1127373"]
[BlackFideId "16301188"]
[EventDate "2023.10.11"]

1. e4 e5 2. Nf3 Nc6 3. d4 exd4 4. Nxd4 Nf6 5. Nxc6 bxc6 6. Bd3 d5 7. exd5 cxd5
8. O-O Be7 9. c4 O-O 10. Nc3 Bb7 11. Qb3 Rb8 12. cxd5 Bxd5 13. Qc2 Ba8 14. h3
Qc8 15. Be3 Qb7 16. f3 Qxb2 17. Bxa7 Qxc2 18. Bxc2 Rb4 19. Bb3 Bd6 20. Rad1 Bc6
21. Rfe1 h5 22. Bf2 Rfb8 23. Ne2 Ba4 24. Nc1 Bxb3 25. axb3 Nd7 26. Rd5 Nf6 27.
Rdd1 Nd7 28. Rd5 Nf6 29. Rdd1 Nd7 30. Rd5 Nf6 31. Rdd1 1/2-1/2

[Event "Qatar Masters Open 2023"]
[Site "Doha QAT"]
[Date "2023.10.13"]
[Round "3.70"]
[White "Peng, Hongchi"]
[Black "Chan, Kim Yew"]
[Result "1/2-1/2"]
[BlackTitle "FM"]
[WhiteElo "2395"]
[BlackElo "2292"]
[WhiteFideId "8609047"]
[BlackFideId "5717981"]
[EventDate "2023.10.11"]

1. d4 Nf6 2. c4 e6 3. Nf3 d5 4. Qc2 Nbd7 5. g3 dxc4 6. Bg2 b5 7. Ne5 Nxe5 8.
Bxa8 Qxd4 9. O-O Qb6 10. a4 a6 11. axb5 axb5 12. Be3 Bc5 13. Bxc5 Qxc5 14. b3
Bd7 15. bxc4 Qxc4 16. Qb2 Qc5 17. Nd2 O-O 18. Nb3 Qd6 19. Rfd1 Nc4 20. Rxd6 Nxb2
21. Rda6 Na4 22. Rc1 b4 23. Rxc7 Bb5 24. Raa7 Bxe2 25. Nd4 Bd1 26. Bg2 Nc3 27.
Rcb7 Ne2+ 28. Nxe2 Bxe2 29. Rxb4 h5 30. f4 Rd8 31. Bh3 Bg4 32. Bf1 Rd1 33. Kf2
Nd5 34. Rb2 Bf5 35. Rb8+ Kh7 36. Rxf7 Rd2+ 37. Kf3 Bg4+ 38. Ke4 Bf5+ 39. Rxf5
exf5+ 40. Ke5 Ne3 41. Ba6 Rxh2 42. Rb3 Ra2 43. Rxe3 Rxa6 44. Kxf5 Ra5+ 45. Ke4
Ra4+ 46. Kf3 g6 47. Kg2 h4 48. gxh4 Rxf4 49. Kg3 Ra4 1/2-1/2

[Event "Qatar Masters Open 2023"]
[Site "Doha QAT"]
[Date "2023.10.13"]
[Round "3.71"]
[White "Begmuratov, Khumoyun"]
[Black "Fedoseev, Vladimir3"]
[Result "0-1"]
[WhiteTitle "FM"]
[BlackTitle "GM"]
[WhiteElo "2374"]
[BlackElo "2691"]
[WhiteFideId "14210207"]
[BlackFideId "24130737"]
[EventDate "2023.10.11"]

1. e4 c6 2. d4 d5 3. Nc3 h6 4. Nf3 Bg4 5. h3 Bxf3 6. Qxf3 dxe4 7. Qxe4 Nf6 8.
Qd3 Na6 9. a3 e6 10. Ne4 Nc7 11. Be2 Ncd5 12. O-O Be7 13. Rd1 Qc7 14. Qf3 b5 15.
Nxf6+ Bxf6 16. b3 Rd8 17. c4 bxc4 18. bxc4 Ne7 19. Bf4 Qa5 20. Rab1 O-O 21. Rb7
Qa4 22. Bc7 Rd7 23. Rb4 Qc2 24. Bd3 Qxd1+ 25. Qxd1 Rxc7 26. Qf3 Rd7 27. c5 Rfd8
28. Be4 Rxd4 29. Rxd4 Bxd4 30. Bxc6 Bxc5 31. Be4 Nd5 32. Qb3 Bb6 33. g3 Nf6 34.
Bd3 Nd7 35. Qc2 Nc5 36. Bc4 Rd4 37. Kg2 g6 38. Be2 h5 39. h4 Kg7 40. Qb2 e5 41.
f4 Ne4 42. Qb5 exf4 43. gxf4 Nf6 44. Kg3 Bc7 45. Qb7 Bxf4+ 46. Kf3 Rd7 47. Qa6
Be5 48. Bc4 Ng4 49. a4 Bf6 50. Kg3 Rc7 51. Kh3 Be5 52. Qb5 Bf6 53. a5 Re7 54.
Qa6 Ne3 55. Bd3 Rd7 56. Kg3 Rd4 57. Kf3 Ng4 58. Be2 Ne5+ 59. Kg2 Rd7 60. Kg3 Rc7
61. Kh3 Rc2 62. Kg3 Rd2 63. Kh3 Ra2 64. Kg3 Rb2 65. Bd1 Rd2 66. Be2 Bd8 67. Kh3
Rd5 68. Qxa7 Rxa5 69. Qe3 Bf6 70. Qe4 Ra7 71. Kg3 Re7 72. Qd5 Nd7 73. Bf3 Nf8
74. Be4 Rc7 75. Bf3 Ne6 76. Be4 Rc3+ 77. Kh2 Bxh4 78. Qe5+ Bf6 79. Qb8 Re3 80.
Qa8 Nf4 81. Qa4 Be5 82. Kg1 Ne2+ 83. Kf2 Nc3 84. Qc6 Bd4 0-1

[Event "Qatar Masters Open 2023"]
[Site "Doha QAT"]
[Date "2023.10.13"]
[Round "3.72"]
[White "Mammadova, Gulnar"]
[Black "Bellahcene, Bilel"]
[Result "0-1"]
[WhiteTitle "IM"]
[BlackTitle "GM"]
[WhiteElo "2346"]
[BlackElo "2520"]
[WhiteFideId "13403508"]
[BlackFideId "696358"]
[EventDate "2023.10.11"]

1. e4 c5 2. Nf3 Nc6 3. Bb5 Nf6 4. Bxc6 dxc6 5. d3 Bg4 6. h3 Bh5 7. Nc3 Nd7 8. g4
Bg6 9. Bf4 e6 10. Qe2 b5 11. a4 a6 12. axb5 axb5 13. O-O Be7 14. Kg2 O-O 15. Ne5
Nxe5 16. Bxe5 f6 17. Bg3 e5 18. f4 exf4 19. Bxf4 Qd7 20. Qe3 Rfe8 21. Ne2 Bf7
22. Ng3 Rxa1 23. Rxa1 g5 24. Nf5 gxf4 25. Qxf4 Bg6 26. Nxe7+ Qxe7 27. Ra6 Rc8
28. h4 Bf7 29. h5 Be6 30. h6 Kf7 31. Kf3 Qc7 32. g5 Qxf4+ 33. Kxf4 fxg5+ 34.
Kxg5 Bd7 0-1

[Event "Qatar Masters Open 2023"]
[Site "Doha QAT"]
[Date "2023.10.13"]
[Round "3.73"]
[White "Nagarkatte Vedant"]
[Black "Tarhan, Adar"]
[Result "0-1"]
[WhiteTitle "FM"]
[BlackTitle "FM"]
[WhiteElo "2345"]
[BlackElo "2445"]
[WhiteFideId "25636227"]
[BlackFideId "34544712"]
[EventDate "2023.10.11"]

1. e4 e5 2. Nf3 Nc6 3. Bb5 Nge7 4. c3 a6 5. Ba4 g6 6. O-O Bg7 7. d4 exd4 8. cxd4
b5 9. Bb3 O-O 10. a4 b4 11. h3 d5 12. e5 f6 13. Re1 fxe5 14. dxe5 Be6 15. Nbd2
Kh8 16. Bc2 Na5 17. Nd4 Bg8 18. N2b3 Nb7 19. Bg5 Qe8 20. Bxe7 Qxe7 21. Nc6 Qe8
22. Nbd4 Nd8 23. Nxd8 Rxd8 24. a5 c5 25. Ba4 Qf7 26. Nf3 Qe7 27. Qd2 Rxf3 28.
gxf3 Be6 29. Kf1 Bxh3+ 30. Ke2 Qxe5+ 31. Kd1 Qxb2 32. Qxb2 Bxb2 33. Rb1 Bf6 34.
Re8+ Rxe8 35. Bxe8 Bf5 36. Rb3 Bd8 37. Bf7 d4 38. Bc4 Bxa5 39. Ke2 Bc8 40. Rb1
Bc7 41. Kd2 Bf4+ 42. Kc2 Bf5+ 43. Bd3 b3+ 0-1